[Event "DVM U12 2013"]
[Site "Lichtenfels-Schney GER"]
[Date "2013.12.27"]
[Round "2"]
[White "Wiemann, Daniel"]
[Black "Wiesner, Alexander"]
[Result "0-1"]
[Termination "normal"]
[Board "6.1"]
[WhiteElo "1452"]
[BlackElo "1728"]
[WhiteTeam "SV Seubelsdorf"]
[BlackTeam "Karlsruher SF 1853"]
[WhiteFideId "12942944"]
[BlackFideId "12943991"]
[EventCountry "GER"]
[EventRounds "7"]
[EventType "team-swiss"]
[EventDate "2013.12.26"]

1. e4 c5 2. Nf3 Nc6 3. d4 cxd4 4. Nxd4 Nf6 5. Nc3 e5 6. Nf3 Bb4 7. Bd2 Bxc3 8.
Bxc3 Nxe4 9. Bxe5 Nxe5 10. Nxe5 Qa5+ 11. c3 Qxe5 12. Qe2 Qe6 13. f3 Nc5 14.
Qxe6+ dxe6 15. Bb5+ Bd7 16. Bxd7+ Nxd7 17. O-O O-O 18. Rad1 Rfd8 19. Rd2 Kf8
20. Rfd1 Ke7 21. b3 Nf6 22. Rxd8 Rxd8 23. Rxd8 Kxd8 24. Kf2 Nd5 25. c4 Nb4 26.
a3 Nc2 27. a4 Nd4 28. b4 Nc2 29. b5 b6 30. Ke2 Nd4+ 31. Kd3 Nb3 32. Kc3 Nc5 33.
Kb4 Kd7 34. a5 Kd6 35. axb6 axb6 36. g4 Ke5 37. h4 Kf4 38. Kc3 e5 39. Kd2 Kxf3
40. Ke1 e4 41. Kd2 Kf2 42. Kd1 e3 43. Kc2 e2 44. Kd2 e1=Q+ 45. Kc2 Qe6 46. Kd1
Qe2+ 47. Kc1 Nd3+ 48. Kb1 Qb2# 0-1

[Event "DVM U12 2013"]
[Site "Lichtenfels-Schney GER"]
[Date "2013.12.27"]
[Round "2"]
[White "Koll, Lukas"]
[Black "Werner, Sebastian"]
[Result "0-1"]
[Termination "normal"]
[Board "6.2"]
[WhiteElo "1602"]
[BlackElo "1164"]
[WhiteTeam "Karlsruher SF 1853"]
[BlackTeam "SV Seubelsdorf"]
[WhiteFideId "12969737"]
[EventCountry "GER"]
[EventRounds "7"]
[EventType "team-swiss"]
[EventDate "2013.12.26"]

1. e4 c5 2. c3 Nc6 3. d4 cxd4 4. cxd4 g6 5. Nf3 Bg7 6. d5 Ne5 7. Nc3 d6 8. Bb5+
Bd7 9. Bxd7+ Nxd7 10. Bd2 Ngf6 11. O-O O-O 12. Re1 Nc5 13. Rb1 Qd7 14. h3 Rac8
15. b4 Na6 16. Qb3 Rfe8 17. Nh2 Nb8 18. Bg5 Nh5 19. Ne2 h6 20. Be3 Nf6 21. f3
Nh5 22. Bxa7 Be5 23. Bf2 Nf4 24. Nxf4 Rc3 25. Qd1 Bxf4 26. Rb3 Rec8 27. Be3
Bxe3+ 28. Kh1 Rc1 29. Qe2 Rxe1+ 0-1

[Event "DVM U12 2013"]
[Site "Lichtenfels-Schney GER"]
[Date "2013.12.27"]
[Round "2"]
[White "Kolb, Verena"]
[Black "Koll, Linus"]
[Result "1-0"]
[Termination "normal"]
[Board "6.3"]
[WhiteElo "1286"]
[BlackElo "1210"]
[WhiteTeam "SV Seubelsdorf"]
[BlackTeam "Karlsruher SF 1853"]
[WhiteFideId "12992313"]
[BlackFideId "12990299"]
[EventCountry "GER"]
[EventRounds "7"]
[EventType "team-swiss"]
[EventDate "2013.12.26"]

1. e4 e5 2. Nf3 Nc6 3. Bb5 a6 4. Ba4 b5 5. Bb3 Bc5 6. O-O Nf6 7. c3 d6 8. d4
Bb6 9. dxe5 Nxe4 10. Bd5 Nxf2 11. Bxc6+ Bd7 12. Bxd7+ Qxd7 13. Rxf2 Bxf2+ 14.
Kxf2 dxe5 15. Qxd7+ Kxd7 16. Nxe5+ Ke6 17. Bf4 h5 18. h3 g5 19. Bh2 h4 20. Nd2
f6 21. Nef3 c5 22. Re1+ Kf5 23. c4 Kg6 24. Re6 b4 25. Ne4 Kf5 26. Nxc5 Rac8 27.
Nd4+ Kg6 28. Bd6 1-0

[Event "DVM U12 2013"]
[Site "Lichtenfels-Schney GER"]
[Date "2013.12.27"]
[Round "2"]
[White "Chernykh, Arkady"]
[Black "Wiemann, Vanessa"]
[Result "1-0"]
[Termination "normal"]
[Board "6.4"]
[WhiteElo "1205"]
[BlackElo "977"]
[WhiteTeam "Karlsruher SF 1853"]
[BlackTeam "SV Seubelsdorf"]
[WhiteFideId "12989436"]
[BlackFideId "12942987"]
[EventCountry "GER"]
[EventRounds "7"]
[EventType "team-swiss"]
[EventDate "2013.12.26"]

1. d4 d5 2. c4 c6 3. Nc3 Nf6 4. Nf3 g6 5. e3 Bg7 6. h3 O-O 7. Bd3 Nbd7 8. O-O
Nb6 9. b3 Be6 10. c5 Nbd7 11. e4 dxe4 12. Nxe4 Bd5 13. Ng3 e6 14. Re1 Re8 15.
Bf4 b5 16. Bd6 Rc8 17. a4 a6 18. axb5 axb5 19. Be4 Bxe4 20. Nxe4 b4 21. Ra4
Nxe4 22. Rxe4 Nf6 23. Re2 Nd5 24. Rc2 Nc3 25. Rxc3 bxc3 26. Qc2 Qf6 27. Qxc3
Ra8 28. Ne5 Rxa4 29. bxa4 Ra8 30. Nxc6 Rxa4 31. Ne7+ Kh8 32. c6 Qxd4 33. Qxd4
Bxd4 34. c7 Rc4 35. c8=Q+ Rxc8 36. Nxc8 Kg7 37. Ne7 f5 38. Nc6 Bb6 39. Kf1 Kf6
40. Be7+ Kf7 41. Ke2 h5 42. Bd8 Bc5 43. Ne5+ Kg7 44. Bf6+ Kh6 45. Nf7+ Kh7 46.
Ng5+ Kg8 47. Nxe6 Bb6 48. Bd4 Ba5 49. Kf3 Kh7 50. Be3 Kg8 51. Kf4 Kf7 52. Nc5
Kf6 53. Bd4+ Ke7 54. Kg5 Kf7 55. Nd3 Bd2+ 56. Be3 Ba5 57. Ne5+ Kg7 58. Nxg6
Bd8+ 59. Kxf5 Bf6 60. Nf4 Be7 61. Nxh5+ Kf7 62. g4 Kg8 63. g5 Bf8 64. Nf6+ Kg7
65. g6 Be7 66. Bd4 Bd8 67. Nd7+ Kg8 68. g7 Ba5 69. Nf6+ Kf7 70. g8=Q+ Ke7 71.
Qe8+ Kd6 72. Qd7# 1-0

[Event "DVM U12 2013"]
[Site "Lichtenfels-Schney GER"]
[Date "2013.12.27"]
[Round "2"]
[White "Mantel, Ruben"]
[Black "Garbuz, Vitaliy"]
[Result "1-0"]
[Termination "normal"]
[Board "7.1"]
[WhiteElo "1645"]
[BlackElo "1555"]
[WhiteTeam "Spvg Zabo-Eintracht Nürnberg"]
[BlackTeam "SF Dortmund-Brackel 1930"]
[WhiteFideId "12930121"]
[BlackFideId "12990710"]
[EventCountry "GER"]
[EventRounds "7"]
[EventType "team-swiss"]
[EventDate "2013.12.26"]

1. e4 c5 2. Nc3 d6 3. g3 Nf6 4. Bg2 g6 5. d3 Bg7 6. Be3 O-O 7. h3 Nc6 8. f4 a6
9. g4 Qc7 10. Nf3 e6 11. O-O Bd7 12. Qe1 b5 13. Qh4 b4 14. Ne2 Rfb8 15. f5 exf5
16. gxf5 Be8 17. fxg6 fxg6 18. Ng5 Qe7 19. Nf4 h6 20. Nfe6 hxg5 21. Nxg5 Ra7
22. e5 Nxe5 23. Rxf6 Bxf6 24. Bd5+ Kf8 25. Qh6+ Bg7 26. Nh7# 1-0

[Event "DVM U12 2013"]
[Site "Lichtenfels-Schney GER"]
[Date "2013.12.27"]
[Round "2"]
[White "Kartsev, Nikolaj"]
[Black "Plato, Laurenz"]
[Result "0-1"]
[Termination "normal"]
[Board "7.2"]
[WhiteElo "1581"]
[BlackElo "1402"]
[WhiteTeam "SF Dortmund-Brackel 1930"]
[BlackTeam "Spvg Zabo-Eintracht Nürnberg"]
[WhiteFideId "12939536"]
[EventCountry "GER"]
[EventRounds "7"]
[EventType "team-swiss"]
[EventDate "2013.12.26"]

1. e4 d5 2. exd5 Qxd5 3. Nc3 Qa5 4. Nf3 Nf6 5. d4 c6 6. Bc4 Ne4 7. Bd2 Nxd2 8.
Qxd2 e6 9. a3 b5 10. Bb3 b4 11. Na2 Na6 12. O-O Be7 13. Ne5 Bb7 14. Nc4 Qh5 15.
Nxb4 Nxb4 16. axb4 Bg5 17. f4 Be7 18. Rf3 g5 19. Na5 O-O-O 20. Nxb7 Kxb7 21. f5
g4 22. Rff1 Bd6 23. g3 e5 24. Qe3 Bc7 25. c3 Rhe8 26. Qd3 Bb6 27. b5 Qh6 28.
bxc6+ Kc7 29. Qa6 Qxc6 30. Ba4 Bxd4+ 31. cxd4 Qxa6 32. Bxe8 Qd3 33. dxe5 Qe3+
34. Kh1 Rd2 35. Rae1 Qb3 36. Rc1+ Kd8 37. Bc6 Qxb2 38. Rcd1 Ke7 39. Rxd2 Qxd2
40. Bg2 Kd7 41. h3 h5 42. hxg4 hxg4 43. Rb1 Qc2 44. Rb7+ Ke8 45. Rb8+ Ke7 46.
Rb7+ Kf8 47. f6 Kg8 48. Rb8+ Kh7 49. e6 Qc1+ 50. Kh2 Qh6+ 51. Kg1 Qe3+ 52. Kf1
Qxe6 53. Rb7 Qxf6+ 54. Ke2 Qe5+ 55. Kf2 Qd4+ 56. Ke2 Qc4+ 57. Ke3 a5 58. Be4+
Kg7 59. Bd3 Qe6+ 60. Kd2 a4 61. Rb4 a3 62. Ra4 Qa2+ 63. Ke3 Qb3 64. Rxg4+ Kf8
65. Kd2 a2 66. Bc4 Qb2+ 67. Kd3 a1=Q 68. Bxf7 Qd1+ 69. Ke3 Qxg4 70. Bh5 Qa3+
71. Kf2 Qxh5 72. g4 Qh2+ 73. Kf1 Qc1# 0-1

[Event "DVM U12 2013"]
[Site "Lichtenfels-Schney GER"]
[Date "2013.12.27"]
[Round "2"]
[White "Hildermann, Christopher"]
[Black "Salem Elier, Ali"]
[Result "0-1"]
[Termination "normal"]
[Board "7.3"]
[WhiteElo "1028"]
[BlackElo "1206"]
[WhiteTeam "Spvg Zabo-Eintracht Nürnberg"]
[BlackTeam "SF Dortmund-Brackel 1930"]
[BlackFideId "16217543"]
[EventCountry "GER"]
[EventRounds "7"]
[EventType "team-swiss"]
[EventDate "2013.12.26"]

1. b4 d5 2. Bb2 e5 3. Bxe5 Nc6 4. Bc3 Nxb4 5. e3 Bf5 6. Na3 Nc6 7. f4 d4 8. Bb2
Nf6 9. Nf3 Bc5 10. Nc4 O-O 11. Be2 Nb4 12. O-O Nxc2 13. Rc1 d3 14. a3 dxe2 15.
Qxe2 Bd3 16. Qd1 Bxc4 17. Rxc2 Bxf1 18. Qxf1 Ne4 19. Qc4 Nxd2 20. Rxd2 Bxe3+
21. Kf1 Bxd2 22. Nxd2 Qxd2 23. Bc3 Qc1+ 24. Kf2 Qxa3 25. Qd4 Qa2+ 26. Kf3 f6
27. Qd7 Rad8 28. Qxc7 Rc8 29. Qxb7 Rxc3+ 30. Kg4 Qe6+ 31. Kh5 Rh3+ 32. gxh3
Qxh3# 0-1

[Event "DVM U12 2013"]
[Site "Lichtenfels-Schney GER"]
[Date "2013.12.27"]
[Round "2"]
[White "Riede, Niklas"]
[Black "Hildermann, Richard"]
[Result "1-0"]
[Termination "normal"]
[Board "7.4"]
[WhiteElo "1081"]
[BlackElo "983"]
[WhiteTeam "SF Dortmund-Brackel 1930"]
[BlackTeam "Spvg Zabo-Eintracht Nürnberg"]
[EventCountry "GER"]
[EventRounds "7"]
[EventType "team-swiss"]
[EventDate "2013.12.26"]

1. e4 e5 2. Nf3 Nc6 3. Nc3 Nf6 4. Bb5 d6 5. d3 Bd7 6. O-O a6 7. Ba4 Nb8 8. Bb3
Bg4 9. h3 Bh5 10. Re1 Nc6 11. Nd5 Be7 12. Nxe7 Qxe7 13. Bg5 O-O 14. c3 b5 15.
Bd5 Qd7 16. Bxf6 gxf6 17. d4 Rfe8 18. Qd3 Kf8 19. Nh4 Ke7 20. Nf5+ Kd8 21. Ng7
Rg8 22. Nxh5 Rg6 23. Rac1 Ke7 24. c4 Rag8 25. g4 Nxd4 26. cxb5 axb5 27. f4 c6
28. Bb3 d5 29. f5 Rg5 30. Kf2 dxe4 31. Qxe4 b4 32. Ba4 Rc8 33. Nxf6 Qd6 34.
Nd5+ cxd5 35. Qxd4 Rcg8 36. Qxe5+ Qxe5 37. Rxe5+ Kf6 38. Rxd5 h5 39. Bd1 hxg4
40. Bxg4 Ra8 41. Rb5 Rxa2 42. Rxb4 Rg8 43. Rb1 Ra5 44. Rc4 Rd8 45. b4 Ra2+ 46.
Ke3 Ke5 47. b5 Ra3+ 48. Kf2 Rd2+ 49. Be2 Kd5 50. Rc8 Rxh3 51. Ke1 Rd4 52. Rd8+
Ke4 53. Rxd4+ Kxd4 54. b6 Ke3 55. b7 Rh1+ 56. Bf1 1-0

[Event "DVM U12 2013"]
[Site "Lichtenfels-Schney GER"]
[Date "2013.12.27"]
[Round "2"]
[White "Grimm, Ling Leander"]
[Black "Klein, Sebastian"]
[Result "1-0"]
[Termination "normal"]
[Board "8.1"]
[WhiteElo "1519"]
[BlackElo "1331"]
[WhiteTeam "SK Bebenhausen"]
[BlackTeam "SR Spaichingen"]
[WhiteFideId "12968277"]
[BlackFideId "16200845"]
[EventCountry "GER"]
[EventRounds "7"]
[EventType "team-swiss"]
[EventDate "2013.12.26"]

1. c4 f5 2. g3 Nf6 3. Nc3 e6 4. Bg2 Nc6 5. d3 Bc5 6. Nf3 b6 7. a3 O-O 8. O-O
Bb7 9. b4 Be7 10. Bb2 d6 11. Nd2 Rb8 12. e3 Ne5 13. Bxb7 Nxd3 14. Qc2 Nxb2 15.
Bg2 Nxc4 16. Nxc4 Qd7 17. Rfd1 c5 18. Qe2 Qc7 19. Nb5 Qd7 20. Ncxd6 Bxd6 21.
Rxd6 Qe7 22. Rad1 cxb4 23. axb4 Rfd8 24. Rxd8+ Rxd8 25. Rxd8+ Qxd8 26. Nxa7 Nd5
27. Nc6 Qd6 28. Bxd5 Qxd5 29. Ne7+ 1-0

[Event "DVM U12 2013"]
[Site "Lichtenfels-Schney GER"]
[Date "2013.12.27"]
[Round "2"]
[White "De Rentiis, Davide Luca"]
[Black "Schrägle, Thorsten"]
[Result "0-1"]
[Termination "normal"]
[Board "8.3"]
[WhiteElo "1073"]
[BlackElo "1271"]
[WhiteTeam "SK Bebenhausen"]
[BlackTeam "SR Spaichingen"]
[WhiteFideId "12967050"]
[BlackFideId "16224248"]
[EventCountry "GER"]
[EventRounds "7"]
[EventType "team-swiss"]
[EventDate "2013.12.26"]

1. e4 e5 2. Nf3 Nc6 3. Bc4 Nf6 4. d4 exd4 5. O-O Bc5 6. e5 Ng4 7. Ng5 Ngxe5 8.
Re1 d5 9. Bb5 f6 10. Nf3 Bg4 11. h3 Bxf3 12. Qxf3 Qd7 13. Bf4 Qe6 14. Bxc6+
bxc6 15. Qg3 Nf3+ 16. Qxf3 Qxe1+ 17. Kh2 O-O 18. Qg4 Qxf2 19. Bh6 Rf7 20. Nd2
g5 21. Nb3 Qxc2 22. Rc1 Qg6 23. Nxc5 Qxh6 24. Qxd4 Rd8 25. Ne6 Rd6 26. Rxc6
Rxc6 27. Nd8 Rc2 28. Kg3 Rd7 29. Qa4 Rxd8 30. Qxc2 Qg7 31. Qa4 c5 32. Qa5 Rc8
33. Qa6 Qd7 34. Qxf6 Qg7 35. Qe6+ {Ab hier nicht mehr nachvollziehbar!} 0-1

[Event "DVM U12 2013"]
[Site "Lichtenfels-Schney GER"]
[Date "2013.12.27"]
[Round "2"]
[White "Kühner, Tobias"]
[Black "Kowalski, Ben Wito"]
[Result "1-0"]
[Termination "normal"]
[Board "9.1"]
[WhiteElo "1740"]
[BlackElo "1721"]
[WhiteTeam "SK Bickenbach"]
[BlackTeam "Stader SV"]
[WhiteFideId "12973815"]
[BlackFideId "12956171"]
[EventCountry "GER"]
[EventRounds "7"]
[EventType "team-swiss"]
[EventDate "2013.12.26"]

1. d4 Nf6 2. c4 g6 3. Nc3 Bg7 4. Bf4 O-O 5. Nf3 d6 6. e3 Nc6 7. Bd3 Re8 8. Ne4
e5 9. dxe5 dxe5 10. Bg5 h6 11. Nxf6+ Bxf6 12. Bxf6 Qxf6 13. Be4 Be6 14. Qc2
Rad8 15. O-O Qg7 16. Rfd1 f5 17. Bd5 Bxd5 18. cxd5 Nb4 19. Qc4 Na6 20. Qb5 Rb8
21. Rac1 g5 22. d6 c6 23. Qb3+ Kh8 24. d7 Red8 25. Qe6 Nc7 26. Qxf5 Nd5 27.
Nxe5 Ne7 28. Qe6 Rf8 29. Nf7+ Qxf7 30. Qxf7 Rxf7 31. d8=Q+ Rxd8 32. Rxd8+ Kg7
33. Rd7 Nd5 34. Rxf7+ Kxf7 35. Rc4 Ke6 36. Re4+ Kf5 37. Re8 b6 38. e4+ Kf4 39.
exd5 cxd5 40. Kf1 d4 41. Ke2 1-0

[Event "DVM U12 2013"]
[Site "Lichtenfels-Schney GER"]
[Date "2013.12.27"]
[Round "2"]
[White "Hammann, Moritz"]
[Black "Riemann, Jonas"]
[Result "0-1"]
[Termination "normal"]
[Board "9.2"]
[WhiteElo "1321"]
[BlackElo "1200"]
[WhiteTeam "Stader SV"]
[BlackTeam "SK Bickenbach"]
[WhiteFideId "12982040"]
[BlackFideId "12977462"]
[EventCountry "GER"]
[EventRounds "7"]
[EventType "team-swiss"]
[EventDate "2013.12.26"]

1. e4 e6 2. d4 d5 3. e5 c5 4. c3 Nc6 5. Nf3 Qb6 6. Bd3 Bd7 7. Be2 Nge7 8. b3
Nf5 9. Bb2 Rc8 10. O-O Be7 11. h3 O-O 12. b4 cxd4 13. cxd4 a6 14. Qd3 Na7 15.
Nc3 Nb5 16. Rfd1 Nxc3 17. Bxc3 Bb5 18. Qd2 Bxe2 19. Qxe2 Rxc3 20. Qd2 Rcc8 21.
Qf4 h6 22. g4 Nh4 23. Ne1 Ng6 24. Qg3 Rc4 25. Nf3 Rfc8 26. g5 hxg5 27. Rd3 Nf4
28. Rd2 Rc1+ 29. Ne1 Rxa1 30. f3 Rcc1 31. Kf1 Rxe1+ 32. Qxe1 Rxe1+ 33. Kxe1 g4
34. hxg4 Bh4+ 35. Kd1 Qb5 36. Rc2 Qf1+ 37. Kd2 Qe1# 0-1

[Event "DVM U12 2013"]
[Site "Lichtenfels-Schney GER"]
[Date "2013.12.27"]
[Round "2"]
[White "Wenzel, Calvin"]
[Black "Bargsten, Justus"]
[Result "0-1"]
[Termination "normal"]
[Board "9.3"]
[WhiteElo "1056"]
[BlackElo "1297"]
[WhiteTeam "SK Bickenbach"]
[BlackTeam "Stader SV"]
[WhiteFideId "12973920"]
[BlackFideId "12974188"]
[EventCountry "GER"]
[EventRounds "7"]
[EventType "team-swiss"]
[EventDate "2013.12.26"]

1. e4 c5 2. Nc3 Nc6 3. f4 d6 4. Bb5 g6 5. Nf3 Bg7 6. d3 Nf6 7. O-O O-O 8. Bxc6
bxc6 9. Qe1 d5 10. f5 gxf5 11. exf5 Bxf5 12. Ne5 Bd7 13. Nxd7 Qxd7 14. h3 Kh8
15. Qh4 Rg8 16. Rf3 Rab8 17. a3 Qd6 18. Bf4 e5 19. Bg5 Ne8 20. Rb1 f6 21. Bh6
Rb7 22. b3 f5 23. Bxg7+ Rbxg7 24. Rf2 d4 25. Na2 Qd5 26. Kf1 Rxg2 27. Rb2 Rxf2+
28. Qxf2 Qh1+ 29. Ke2 Rg2 30. c3 Rxf2+ 31. Kxf2 Qh2+ 32. Kf3 Qxb2 33. cxd4 exd4
34. Nb4 cxb4 35. axb4 Qxb3 36. Ke2 Qxb4 37. h4 a5 38. h5 a4 39. h6 a3 40. Kd1
a2 41. Kc2 Qc3+ 42. Kd1 a1=Q+ 43. Ke2 Qae1+ 44. Kf3 Qxd3+ 45. Kf4 Qee3# 0-1

[Event "DVM U12 2013"]
[Site "Lichtenfels-Schney GER"]
[Date "2013.12.27"]
[Round "2"]
[White "Hatko, Julian"]
[Black "Bär, Leon David"]
[Result "0-1"]
[Termination "normal"]
[Board "9.4"]
[WhiteElo "961"]
[BlackElo "1051"]
[WhiteTeam "Stader SV"]
[BlackTeam "SK Bickenbach"]
[WhiteFideId "16210280"]
[BlackFideId "16200802"]
[EventCountry "GER"]
[EventRounds "7"]
[EventType "team-swiss"]
[EventDate "2013.12.26"]

1. d4 Nf6 2. Nf3 d5 3. c4 e6 4. Nc3 Bb4 5. a3 Bxc3+ 6. bxc3 Nbd7 7. Bf4 b6 8.
e3 Bb7 9. Be2 c5 10. O-O Nh5 11. Ne5 Nxf4 12. exf4 Nxe5 13. fxe5 Qg5 14. Bf3
Ba6 15. Qa4+ b5 16. Qxa6 O-O 17. Qxb5 h5 18. Qxc5 h4 19. cxd5 h3 20. g3 Qf5 21.
Bh1 Rac8 22. Qxa7 Rxc3 23. dxe6 fxe6 24. d5 exd5 25. Bxd5+ Kh8 26. Qd4 Rd3 27.
Qh4+ Qh7 28. Be4 Qxh4 29. gxh4 Rd4 30. Bh1 Rg4+ 31. Bg2 Rxg2+ 32. Kh1 Rf5 33.
Rfe1 Rfxf2 34. e6 Rxh2+ 35. Kg1 Rfg2+ 36. Kf1 Rh1# 0-1

[Event "DVM U12 2013"]
[Site "Lichtenfels-Schney GER"]
[Date "2013.12.27"]
[Round "2"]
[White "Dalchow, Jonas"]
[Black "Bock, Alexander"]
[Result "1-0"]
[Termination "normal"]
[Board "10.1"]
[WhiteElo "1443"]
[BlackElo "1283"]
[WhiteTeam "SC 1997 Lambsheim"]
[BlackTeam "SG Blau-Weiß Stadtilm"]
[WhiteFideId "12971251"]
[EventCountry "GER"]
[EventRounds "7"]
[EventType "team-swiss"]
[EventDate "2013.12.26"]

1. e4 c5 2. Nf3 d6 3. Nc3 Nc6 4. Bb5 g6 5. d4 cxd4 6. Nxd4 Bd7 7. O-O Bg7 8.
Nb3 a6 9. Bd3 e6 10. Bf4 Qc7 11. Be2 e5 12. Be3 Nge7 13. Nd5 Nxd5 14. Qxd5 Be6
15. Qd2 O-O 16. Rad1 Rfd8 17. Bh6 Rac8 18. Bxg7 Kxg7 19. Qc3 Ne7 20. Qxc7 Rxc7
21. c3 f5 22. f3 Bc4 23. Bxc4 Rxc4 24. Rfe1 b6 25. exf5 Nxf5 26. Rxe5 Ra4 27.
a3 Kf6 28. Re4 Rxe4 29. fxe4 Ne3 30. Re1 Nc4 31. Re2 d5 32. exd5 Rxd5 33. Nd4
Rd6 34. Kf2 Ne5 35. Kg3 Nc6 36. Nxc6 Rxc6 37. Re8 Rc5 38. h4 Rb5 39. b4 Re5 40.
Rc8 Re6 41. Rc7 Re7 42. Rxe7 Kxe7 43. Kg4 Kf6 44. a4 b5 45. axb5 axb5 46. Kf4
h6 47. Ke4 Ke6 48. g4 h5 49. g5 Kd6 50. Kd4 Kc6 51. c4 bxc4 52. Kxc4 Kb7 53.
Kc5 1-0

[Event "DVM U12 2013"]
[Site "Lichtenfels-Schney GER"]
[Date "2013.12.27"]
[Round "2"]
[White "Langenhan, Moritz Benedikt"]
[Black "Wacker, Andreas"]
[Result "0-1"]
[Termination "normal"]
[Board "10.2"]
[WhiteElo "1260"]
[BlackElo "1495"]
[WhiteTeam "SG Blau-Weiß Stadtilm"]
[BlackTeam "SC 1997 Lambsheim"]
[WhiteFideId "12976520"]
[BlackFideId "12953083"]
[EventCountry "GER"]
[EventRounds "7"]
[EventType "team-swiss"]
[EventDate "2013.12.26"]

1. e4 e5 2. Nf3 Nc6 3. Bc4 d6 4. h3 Be7 5. Nc3 Nf6 6. d3 Bd7 7. Be3 O-O 8. Qd2
Na5 9. Bb3 Bc6 10. O-O-O Nxb3+ 11. axb3 b5 12. g4 b4 13. Na4 a5 14. Rdg1 Qd7
15. h4 Nxg4 16. h5 Nxe3 17. Qxe3 Kh8 18. h6 g6 19. Nh4 Bxh4 20. Rxh4 Bxa4 21.
Qf3 Qe7 22. bxa4 Qxh4 23. Rh1 Qf4+ 24. Qxf4 exf4 25. Rh4 g5 26. Rh5 f6 27. d4
Rae8 28. f3 Rg8 29. c3 bxc3 30. bxc3 c6 31. c4 c5 32. dxc5 dxc5 33. Kd2 Rb8 34.
Ke2 Rb4 35. Kd3 Rxa4 36. Kc3 Rb4 37. Kd3 Re8 38. Rh1 a4 39. Ra1 Rd8+ 40. Kc3
Rd4 41. Kc2 Rbxc4+ 42. Kb2 Rd3 43. Rb1 Rb4+ 44. Kc2 Rxb1 45. Kxb1 Rd2 46. Kc1
Rh2 47. Kb1 a3 48. Ka1 c4 49. Kb1 c3 50. Ka1 Rb2 51. e5 c2 52. exf6 c1=Q# 0-1

[Event "DVM U12 2013"]
[Site "Lichtenfels-Schney GER"]
[Date "2013.12.27"]
[Round "2"]
[White "Mühlpfordt, Thomas"]
[Black "Mann, Jasmina"]
[Result "1-0"]
[Termination "normal"]
[Board "10.3"]
[WhiteElo "1120"]
[BlackElo "1149"]
[WhiteTeam "SC 1997 Lambsheim"]
[BlackTeam "SG Blau-Weiß Stadtilm"]
[WhiteFideId "12986623"]
[BlackFideId "12984434"]
[EventCountry "GER"]
[EventRounds "7"]
[EventType "team-swiss"]
[EventDate "2013.12.26"]

1. e4 d5 2. exd5 Qxd5 3. Nc3 Qa5 4. d4 c6 5. Bd2 Qc7 6. Bc4 Nf6 7. Nf3 Bg4 8.
O-O e6 9. h3 Bh5 10. Re1 Bd6 11. Bg5 Nbd7 12. Re3 O-O 13. Qe1 h6 14. Bh4 Bf4
15. Rd3 Nd5 16. Nxd5 cxd5 17. Bb3 Rfe8 18. Ba4 a6 19. Rc3 Qd6 20. Bxd7 Qxd7 21.
Ne5 Qd6 22. Rf3 Bxf3 23. Nxf3 Qc7 24. c3 f6 25. Bg3 Bxg3 26. fxg3 e5 27. dxe5
fxe5 28. Rd1 Rad8 29. Qf2 e4 30. Nd4 e3 31. Qf3 Re5 32. Re1 Rde8 33. Qe2 Qf7
34. Rf1 Qg6 35. Kh2 Rf8 36. Nf3 Re4 37. Re1 Rfe8 38. Nd4 Rf8 39. Nf3 Qd6 40.
Rd1 Rf6 41. Rd4 Re8 42. Rg4 h5 43. Rg5 g6 44. h4 Re4 45. Qd3 d4 46. Qxe4 Re6
47. Qxd4 Qxd4 48. cxd4 e2 49. Re5 Rxe5 50. dxe5 Kf7 51. Kg1 Ke6 52. Kf2 e1=Q+
53. Kxe1 b6 54. Kd2 a5 55. Kc3 Ke7 56. Kc4 Ke6 57. Kb5 1-0

[Event "DVM U12 2013"]
[Site "Lichtenfels-Schney GER"]
[Date "2013.12.27"]
[Round "2"]
[White "Siptroth, Fabius"]
[Black "Dalchow, Mario"]
[Result "0-1"]
[Termination "normal"]
[Board "10.4"]
[WhiteElo "881"]
[BlackElo "1061"]
[WhiteTeam "SG Blau-Weiß Stadtilm"]
[BlackTeam "SC 1997 Lambsheim"]
[BlackFideId "12971421"]
[EventCountry "GER"]
[EventRounds "7"]
[EventType "team-swiss"]
[EventDate "2013.12.26"]

1. e4 e5 2. Nf3 Nc6 3. Bc4 Bc5 4. c3 Nf6 5. d4 exd4 6. cxd4 Bb6 7. Nc3 O-O 8.
O-O h6 9. h3 d6 10. d5 Ne7 11. Be3 Ba5 12. a3 Bxc3 13. bxc3 Nxe4 14. Qc2 Bf5
15. Qb3 b6 16. Rfe1 Nc5 17. Qa2 Qd7 18. Nd4 Rfe8 19. Bb5 c6 20. dxc6 Qc7 21.
Nxf5 Nxf5 22. Rad1 Nxe3 23. fxe3 Re7 24. Qc2 a6 25. Bd3 g6 26. Re2 Qxc6 27.
Rde1 Rae8 28. e4 Nxd3 29. Qxd3 Qc5+ 30. Kh1 Qxa3 31. Qc2 Qc5 32. c4 b5 33. cxb5
axb5 34. Qd2 d5 35. e5 Qc6 36. Qxh6 Qc7 37. Qg5 b4 38. Qg3 b3 39. Qxb3 Rxe5 40.
Qb2 Rxe2 41. Rxe2 Rxe2 42. Qxe2 Kg7 43. Kg1 Qf4 44. Qd1 d4 45. Qa4 Qe3+ 46. Kf1
d3 47. Qd1 f5 48. g4 f4 49. h4 f3 50. h5 Qe2+ 51. Qxe2 fxe2+ 52. Ke1 gxh5 53.
gxh5 Kh6 54. Kf2 Kxh5 55. Ke1 Kh4 56. Kf2 Kh3 57. Ke1 Kg2 58. Kd2 Kf2 59. Kc1
e1=Q+ 60. Kb2 d2 61. Kc2 d1=R 62. Kb2 Qe3 63. Kc2 Rd2+ 64. Kc1 Qe1# 0-1

[Event "DVM U12 2013"]
[Site "Lichtenfels-Schney GER"]
[Date "2013.12.28"]
[Round "4"]
[White "Biastoch, Bennet"]
[Black "Engel, Luis"]
[Result "1-0"]
[Termination "normal"]
[Board "1.1"]
[WhiteElo "1713"]
[BlackElo "1852"]
[WhiteTeam "SG Aufbau Elbe Magdeburg"]
[BlackTeam "Hamburger SK"]
[WhiteFideId "12939889"]
[BlackFideId "12961523"]
[EventCountry "GER"]
[EventRounds "7"]
[EventType "team-swiss"]
[EventDate "2013.12.26"]

1. e4 c5 2. Nf3 d6 3. d4 cxd4 4. Nxd4 Nf6 5. Nc3 a6 6. f3 e5 7. Nb3 Be6 8. Be3
Be7 9. Qd2 O-O 10. O-O-O Nbd7 11. g4 b5 12. Rg1 b4 13. Nd5 Bxd5 14. exd5 Nb6
15. Na5 Nfxd5 16. Nc6 Qc7 17. Nxe7+ Nxe7 18. Qxd6 Qxd6 19. Rxd6 Nbd5 20. Bf2 a5
21. Bc4 Rfd8 22. Rxd8+ Rxd8 23. Rd1 Rd7 24. Bc5 Rc7 25. Bxe7 Rxc4 26. Rxd5 f6
27. b3 Rf4 28. Rd3 e4 29. Bd6 Rxf3 30. Rxf3 exf3 31. Kd2 f2 32. Ke2 f1=B+ 33.
Kxf1 Kf7 34. Bc7 Ke6 35. Bxa5 Ke5 36. Bxb4 Kf4 37. a4 Kxg4 38. a5 f5 39. a6 f4
40. a7 g5 41. a8=Q h5 42. Qc8+ Kf3 43. Qh3+ Ke4 44. Qxh5 f3 45. Qg4+ Ke3 46.
Bd2+ Kxd2 47. Qxf3 g4 48. Qxg4 Kc1 49. c4 Kb2 50. c5 Kc3 51. c6 Kb2 52. c7 Ka1
53. c8=R Kb2 54. b4 Ka3 55. b5 Ka2 56. Qa4+ Kb2 57. Qb4+ 1-0

[Event "DVM U12 2013"]
[Site "Lichtenfels-Schney GER"]
[Date "2013.12.28"]
[Round "4"]
[White "Meyling, Lennart"]
[Black "Roseneck, Jonas"]
[Result "1-0"]
[Termination "normal"]
[Board "1.2"]
[WhiteElo "1716"]
[BlackElo "1744"]
[WhiteTeam "Hamburger SK"]
[BlackTeam "SG Aufbau Elbe Magdeburg"]
[WhiteFideId "12947130"]
[BlackFideId "12939870"]
[EventCountry "GER"]
[EventRounds "7"]
[EventType "team-swiss"]
[EventDate "2013.12.26"]

1. c4 Nf6 2. g3 g6 3. Bg2 Bg7 4. e3 O-O 5. Ne2 e5 6. O-O d6 7. Nbc3 Nc6 8. Re1
Be6 9. b3 Qd7 10. d4 Bh3 11. dxe5 dxe5 12. Qxd7 Bxd7 13. Nb5 Nb4 14. Ba3 Nc2
15. Bxf8 Nxe1 16. Bxg7 Kxg7 17. Rxe1 c6 18. Nbc3 Bf5 19. Rd1 Nd7 20. f4 Re8 21.
Kf2 exf4 22. Nxf4 Nf6 23. h3 g5 24. Nfe2 c5 25. g4 Bg6 26. Ng3 b6 27. Nd5 Nd7
28. e4 Ne5 29. Nf5+ Kf8 30. Nf6 Rc8 31. Nd7+ Nxd7 32. Rxd7 Re8 33. Rxa7 Rd8 34.
Ke2 h5 35. Rb7 hxg4 36. hxg4 Bxf5 37. gxf5 Ra8 38. Rxb6 Rxa2+ 39. Kf3 Kg7 40.
e5 g4+ 41. Kg3 Re2 42. e6 fxe6 43. fxe6 Kf6 44. Rb5 Kxe6 45. Rxc5 Re3+ 46. Kxg4
Rxb3 47. Bd5+ Kd7 48. Kf4 Kd6 49. Rc6+ Kd7 50. Ke4 Rc3 51. Kd4 Rc1 52. Rb6 Kc7
53. Rb7+ Kc8 54. Kc5 Rd1 55. Kd6 Rc1 56. Ra7 Rb1 57. Ra8+ Rb8 58. Rxb8+ Kxb8
1-0